Christian Holiday Blitz Quiz Stats

 Plays Quiz not verified by Sporcle

Also try: 'B' Holiday Quiz
Challenge
Share
Tweet
Embed
Score 0/5 Timer 01:00
0 Plays Today
% Correct
Christmas
94.7%
Easter
90.8%
All Souls' Day
88.5%
Epiphany
78.6%
Candlemas
72.5%

You're not logged in!

Compare scores with friends on all Sporcle quizzes.
OR
Log In

You Might Also Like...

Show Comments

Extras

Top Quizzes Today


Score Distribution

Your Account Isn't Verified!

In order to create a playlist on Sporcle, you need to verify the email address you used during registration. Go to your Sporcle Settings to finish the process.

Report this User

Report this user for behavior that violates our Community Guidelines.

Details: